Advocates and Advocacy The Best of The Advocates' Journal, 2005-2018 /

Detalles Bibliográficos
Autor principal: Grant, Stephen
Formato: eBook
Lenguaje:inglés
Publicado: Toronto: Irwin Law Inc., 2018
Materias:
Acceso en línea:Acceso restringido

MARC

LEADER 00000nam a22000007a 4500
005 20210804121735.0
007 cr|||| ||||
008 210804s2018 ca |||||s|||| 00||0 eng d
020 |a 978-1-55221-481-7 
035 |a 34871 
040 |a vLex 
090 |c 11897  |d 11897 
100 1 |a Grant, Stephen 
245 1 0 |a Advocates and Advocacy  |h [Recurso electrn̤ico] :  |b The Best of The Advocates' Journal, 2005-2018 /  |c Stephen Grant 
256 |a Servicio en ln̕ea 
260 |a Toronto:  |b Irwin Law Inc.,  |c 2018 
300 |a 1 recurso electrn̤ico 
500 |a It's been 13 years since The Advocates' Society published Ethos, Pathos, and Logos: The Best of The Advocates' Society Journal 1982–2004, recalling the classical lynchpins of rhetoric. Advocates and Advocacy picks up where Ethos, Pathos, and Logos left off, covering 2005 to 2018, now with contributors from across the country. Have things changed? The digital age is undeniably pervasive, for better or worse. Advocacy continues unabated but has morphed into different forms and forums, especially with the rise of the regulatory society. Advocates now grapple with privacy, electronic communications, artificial intelligence and, in practice, the expansion of summary judgment. The delivery speed of legal information is nothing short of astonishing. Cases and commentary show up instantly on Facebook, Twitter, LinkedIn and other social media. To the next generation of advocates, our older ways will seem archaic, but that's for then. As one sees in this volume, the clarity and cogency of our current writing on advocacy – print or electronic – remains solid. I have collected here a selection of the best of the Journal, grouped into topics for ease of reference, from storytelling to humour with personal reflections in between. 
506 1 |a Disponible solo en los productos indicados  |d vLex Global  |d vLex Global (Academic Edition, excluding Law Schools)  |d vLex Global (U.S. Academic Edition, Law Schools)  |d vLex Global (U.S. Academic Edition, excluding Law Schools)  |d vLex Global (Academic Edition, Law Schools) 
650 0 4 |a Abogados  |z Canad̀ 
650 0 4 |a Derecho Pb︢lico y Administrativo  |z Canad̀ 
740 0 |a vLex Libros (Servicio en ln̕ea) 
856 4 0 |u https://app.vlex.com/#/sources/34871  |z Acceso restringido 
942 |c BOOK 
999 0 |a Lawyers 
999 0 |a Public and Administrative Law